Every Class 3 Arizona Senator - Statistics

General Stats
  • This quiz has been taken 42 times
  • The average score is 6 of 8
Answer Stats
Picture Hint Answer % Correct
R(1969-1987) Barry Goldwater
100%
D(2020-) Mark Kelly
100%
R(1987-2018) John McCain
88%
R(2018-2018) Jon Kyl
88%
R(2019-2020) Martha McSally
88%
D(1927-1969) Carl T. Hayden
50%
D(1912-1921) Marcus A. Smith
25%
R(1921-1927) Ralph H. Cameron
25%
No matching quizzes found
Score Distribution
Percent of People with Each Score
Percentile by Number Answered
Your Score History
You have not taken this quiz